Estadísticas para Países de la unión soviética

Haz click aquí para intentar la prueba.

Estadísticas generales

  • Esta prueba ha sido intentada 24 veces
  • La puntuación promedio es 14 de 15

Estadísticas de respuestas

Respuesta% Correcto
Bielorrusia
100%
Ucrania
100%
Estonia
96%
Letonia
96%
Lituania
96%
Rusia
96%
Kazajistan
92%
Kirguistan
92%
Azerbaiyan
88%
Georgia
88%
Uzbekistan
88%
Tayikistan
83%
Turkmenistan
83%
Armenia
79%
Moldavia
75%

Distribución de puntuación

Porcentaje por número respondido

Porcentaje de gente con cada puntuación

Historial de tus puntuaciones

No has intentado esta prueba.